Краткий справочник термиста

Chi tiết về thư mục
Tác giả chính: Каменичный И. С. Иосиф Соломонович
Ngôn ngữ:Tiếng Nga
Được phát hành: Москва, Машметиздат, 1959
Phiên bản:2-е изд., испр. и доп.
Những chủ đề:
Định dạng: MixedMaterials Sách
KOHA link:https://koha.lib.tpu.ru/cgi-bin/koha/opac-detail.pl?biblionumber=148636

MARC

LEADER 00000nam0a2200000 4500
001 148636
005 20231031145538.0
035 |a (RuTPU)RU\TPU\book\161165 
090 |a 148636 
100 |a 20081205d1959 k y0rusy50 ca 
101 0 |a rus 
102 |a RU 
105 |a a g 001zy 
200 1 |a Краткий справочник термиста  |f И. С. Каменичный 
205 |a 2-е изд., испр. и доп. 
210 |a Москва  |a Киев  |c Машметиздат  |d 1959 
215 |a 278 с.  |c ил. 
320 |a Библиогр.: с. 277-278. 
610 1 |a справочники 
610 1 |a термисты 
610 1 |a термическая обработка 
610 1 |a инструменты 
610 1 |a детали станков 
610 1 |a сталь 
610 1 |a состав 
610 1 |a ковка 
675 |a 621.78(035)  |v 3 
700 1 |a Каменичный  |b И. С.  |g Иосиф Соломонович 
801 1 |a RU  |b 63413507  |c 20081205  |g PSBO 
801 2 |a RU  |b 63413507  |c 20210925  |g PSBO 
942 |c BK